LEADER 01075nas 2200373-a 450 001 9910891343603321 005 20260218110859.0 011 $a1848-8471 035 $a(OCoLC)430052522 035 $a(CKB)2480000000000254 035 $a(CONSER)--2009215452 035 $a(DE-599)ZDB2501619-2 035 $a(DE-599)2501619-2 035 $a(EXLCZ)992480000000000254 100 $a20090811b200720uu --- - 101 0 $ahrv 200 00$aActa turistica nova 210 $aZagreb $cUtilus Visoka poslovna ?kola, s pravom javnosti 300 $aRefereed/Peer-reviewed 311 08$a1846-4394 517 1 $aATN 606 $aTourism$vPeriodicals 606 $aTourism$zCroatia$vPeriodicals 606 $aTourism$2fast$3(OCoLC)fst01153142 607 $aCroatia$2fast 608 $aPeriodicals.$2fast 615 0$aTourism 615 0$aTourism 615 7$aTourism. 712 02$aUtilus Visoka poslovna s?kola, s pravom javnosti (Zagreb, Croatia) 906 $aJOURNAL 912 $a9910891343603321 996 $aActa turistica nova$94251221 997 $aUNINA